| 000 | 00944nam a22002297a 4500 | ||
|---|---|---|---|
| 999 |
_c1010 _d1010 |
||
| 003 | AR-CdUCM | ||
| 008 | 190226b ||||| |||| 00| 0 spa d | ||
| 040 |
_aMUNICIPALIDAD PROVINCIAL DEL CUSCO _cBIBLIOTECA MUNICIPAL DEL CUSCO |
||
| 041 | _hrus | ||
| 082 |
_22da. ed. _a311.9 / _bV84 |
||
| 110 |
_aDireccion Estadistica adjunta al Consejo de Ministros de la URSS _93928 |
||
| 245 |
_aLa URSS en Cifras: _bpara 1973 / _cDireccion Estadistica adjunta al Consejo de Ministros de la URSS |
||
| 260 |
_aMoscĂș - Rusia : _bStatĂstika , _c1974. |
||
| 300 |
_a223 paginas. _c16.5 cm. |
||
| 505 | _aDatos Economicos de la URSS de 1973 -- Fomento de la Economia y la Cultura de los paises Socialistas... | ||
| 650 |
_aEconomia URSS. _93929 |
||
| 650 |
_aSocialismo. _91037 |
||
| 650 |
_aPaises Socialistas. _93930 |
||
| 710 |
_aDireccion Estadistica adjunta al Consejo de Ministros de la URSS _93928 |
||
| 942 |
_2ddc _cLIBROS |
||
| 945 |
_artm _d2019-02-26 |
||